| 000 | 01031nam a2200265 i 4500 | ||
|---|---|---|---|
| 001 | 18236 | ||
| 003 | ES-MaACL | ||
| 005 | 20230906151805.0 | ||
| 007 | t| | ||
| 008 | 011017s2000 sp ||||1| spa d | ||
| 020 | _a84-249-2275-1 | ||
| 080 | _a(038)=134.2'282(729.1) | ||
| 100 | 1 |
_aHaensch, Günther. _961426 |
|
| 245 | 1 | 0 |
_aDiccionario del español de Cuba _b: español de Cuba-español de España / _cGünther Haensch, Reinhold Werner ; coordinación, Gisela Cárdenas Molina, Antonio María Tristá Pérez, Reinhold Werner. |
| 260 |
_aMadrid : _bGredos, _c[2000] |
||
| 300 |
_aLVIII, 606 p. ; _c25 cm. |
||
| 490 | 1 | _aDiccionarios contrastivos del español de América | |
| 650 | 1 | 4 |
_aLengua española- _zCuba- _vDiccionarios. _914135 |
| 700 | 1 |
_aWerner, Reinhold. _9116508 |
|
| 700 | 1 |
_aCárdenas Molina, Gisela. _935148 |
|
| 700 | 1 |
_aTristá Pérez, Antonia María. _9111460 |
|
| 830 | 0 |
_aDiccionarios contrastivos del español de América _9180433 |
|
| 852 |
_aES-MaACL _jL-24945 _bR.130271 |
||
| 999 |
_c18236 _d18236 |
||